Skúšobníctvo drahých kovov na Slovensku a ochrana spotrebiteľa v tejto oblasti bakalárska práca

Guardado en:
Detalles Bibliográficos
Autor principal: Šafáriková, Elena
Autor Corporativo: Obchodná fakulta EU. Katedra tovaroznalectva a kvality tovaru
Otros Autores: Mlákay, Jozef
Formato: Libro
Lenguaje:eslovaco
Publicado: Bratislava 2009
Etiquetas: Agregar Etiqueta
Sin Etiquetas, Sea el primero en etiquetar este registro!

MARC

LEADER 00000nam$a2200000$$$4500
001 0142237
005 20240319125439.4
041 0 |a slo 
044 |a SK 
245 1 0 |a Skúšobníctvo drahých kovov na Slovensku a ochrana spotrebiteľa v tejto oblasti  |b bakalárska práca  |c Elena Šafáriková ; školiteľ: Jozef Mlákay 
264 1 |a Bratislava  |c 2009 
300 |a 46 s. 
100 1 |a Šafáriková, Elena 
700 1 |a Mlákay, Jozef 
710 2 |a Obchodná fakulta EU. Katedra tovaroznalectva a kvality tovaru